<?xml version="1.0" encoding="UTF-8"?><?xml-stylesheet type="text/xsl" href="static/style.xsl"?><OAI-PMH xmlns="http://www.openarchives.org/OAI/2.0/" xmlns:xsi="http://www.w3.org/2001/XMLSchema-instance" xsi:schemaLocation="http://www.openarchives.org/OAI/2.0/ http://www.openarchives.org/OAI/2.0/OAI-PMH.xsd"><responseDate>2026-04-17T02:05:21Z</responseDate><request verb="GetRecord" identifier="oai:www.recercat.cat:2445/154545" metadataPrefix="marc">https://recercat.cat/oai/request</request><GetRecord><record><header><identifier>oai:recercat.cat:2445/154545</identifier><datestamp>2025-12-05T14:44:17Z</datestamp><setSpec>com_2072_1057</setSpec><setSpec>col_2072_478917</setSpec><setSpec>col_2072_478922</setSpec></header><metadata><record xmlns="http://www.loc.gov/MARC21/slim" xmlns:dcterms="http://purl.org/dc/terms/" xmlns:xsi="http://www.w3.org/2001/XMLSchema-instance" xmlns:doc="http://www.lyncode.com/xoai" xsi:schemaLocation="http://www.loc.gov/MARC21/slim http://www.loc.gov/standards/marcxml/schema/MARC21slim.xsd">
   <leader>00925njm 22002777a 4500</leader>
   <datafield ind2=" " ind1=" " tag="042">
      <subfield code="a">dc</subfield>
   </datafield>
   <datafield ind2=" " ind1=" " tag="720">
      <subfield code="a">Donoso Vázquez, Trinidad</subfield>
      <subfield code="e">author</subfield>
   </datafield>
   <datafield ind2=" " ind1=" " tag="720">
      <subfield code="a">Pessoa de Carvalho, Maria Eulina</subfield>
      <subfield code="e">author</subfield>
   </datafield>
   <datafield ind2=" " ind1=" " tag="260">
      <subfield code="c">2020-03-31T13:01:38Z</subfield>
   </datafield>
   <datafield ind2=" " ind1=" " tag="260">
      <subfield code="c">2020-03-31T13:01:38Z</subfield>
   </datafield>
   <datafield ind2=" " ind1=" " tag="260">
      <subfield code="c">2016-09</subfield>
   </datafield>
   <datafield ind2=" " ind1=" " tag="260">
      <subfield code="c">2020-03-31T13:01:38Z</subfield>
   </datafield>
   <datafield ind2=" " ind1=" " tag="520">
      <subfield code="a">Este escrito presenta algunas claves para realizar la investigación educativa con perspectiva de géne- ro, es decir, descontaminada de sesgos androcéntricos que invisibilizan las especificidades de las experiencias de las mujeres. La perspectiva de género reclama una nueva manera de hacer ciencia comprometida con la eman- cipación social, y atenta a las repercusiones en las diferencias generizadas de las personas. La lente de género permite revisar las preguntas que se realizan, los temas que se eligen, las aportaciones que se invisibilizan y las ocultaciones que se producen. Concebido como un proceso formativo para investigadora e investigados, el proceso de investigación se basa en una mirada autocrítica que problematiza el "poder" de la investigadora, en el compro- miso ético con los informantes y en el continuo cuestionamiento de sesgos de género en la recogida, el análisis y la interpretación de los datos, y en la publicación de los resultados. Varios ejemplos de aspectos sesgados de investigaciones educativas son ofrecidos a lo largo del texto.</subfield>
   </datafield>
   <datafield tag="653" ind2=" " ind1=" ">
      <subfield code="a">Estudis de gènere</subfield>
   </datafield>
   <datafield tag="653" ind2=" " ind1=" ">
      <subfield code="a">Investigació educativa</subfield>
   </datafield>
   <datafield tag="653" ind2=" " ind1=" ">
      <subfield code="a">Gender studies</subfield>
   </datafield>
   <datafield tag="653" ind2=" " ind1=" ">
      <subfield code="a">Educational research</subfield>
   </datafield>
   <datafield ind2="0" ind1="0" tag="245">
      <subfield code="a">La perspectiva de género en la investigación educativa</subfield>
   </datafield>
</record></metadata></record></GetRecord></OAI-PMH>